The law of damages / (Record no. 7315)

MARC details
000 -LEADER
fixed length control field 00390nam a22001457a 4500
008 - FIXED-LENGTH DATA ELEMENTS--GENERAL INFORMATION
fixed length control field 150703b xxu||||| |||| 00| 0 eng d
020 ## - INTERNATIONAL STANDARD BOOK NUMBER
International Standard Book Number 0406633509
082 ## - DEWEY DECIMAL CLASSIFICATION NUMBER
Classification number 346.0323 OGU
100 ## - MAIN ENTRY--PERSONAL NAME
Personal name Ogus, A. I.
245 ## - TITLE STATEMENT
Title The law of damages /
Statement of responsibility, etc A. I. Ogus
260 ## - PUBLICATION, DISTRIBUTION, ETC. (IMPRINT)
Place of publication, distribution, etc London :
Name of publisher, distributor, etc Butterworths,
Date of publication, distribution, etc c1973.
300 ## - PHYSICAL DESCRIPTION
Extent lii, 393p. :
Other physical details ill. ;
Dimensions 22cm.
500 ## - GENERAL NOTE
General note Includes index
942 ## - ADDED ENTRY ELEMENTS (KOHA)
Source of classification or shelving scheme Dewey Decimal Classification
Item type Books
Holdings
Withdrawn status Lost status Source of classification or shelving scheme Damaged status Not for loan Home library Current library Shelving location Date acquired Total Checkouts Full call number Date last seen Copy number Price effective from Koha item type
    Dewey Decimal Classification     Law Development Centre Main Library Law Development Centre Main Library Text Books and Laws 07/03/2015   346.0323 OGU 07/03/2015 001 07/03/2015 Books